Euro 2020 Group F - France - Germany - Statistics

General Stats
  • This quiz has been taken 239 times
  • The average score is 21 of 30
Answer Stats
Player % Correct
Hugo Lloris
98%
Kylian Mbappé
97%
Antoine Griezmann
95%
Paul Pogba
93%
Manuel Neuer
92%
N'Golo Kanté
91%
Lucas Hernández
85%
Raphaël Varane
85%
Thomas Müller
85%
Mats Hummels
84%
Benjamin Pavard
82%
Joshua Kimmich
82%
Karim Benzema
82%
Serge Gnabry
80%
Didier Deschamps
77%
Leroy Sané
76%
Adrien Rabiot
70%
Antonio Rüdiger
70%
Joachim Löw
69%
Kai Havertz
68%
Toni Kroos
68%
Presnel Kimpembe
60%
Timo Werner
59%
İlkay Gündoğan
58%
Robin Gosens
53%
Matthias Ginter
46%
Ousmane Dembélé
45%
Corentin Tolisso
32%
Emre Can
29%
Kevin Volland
29%
No matching quizzes found
Score Distribution
Percent of People with Each Score
Percentile by Number Answered
Your Score History
You have not taken this quiz